Growing Cities in Morocco - Statistics

General Stats
  • This quiz has been taken 21 times
  • The average score is 7 of 10
Answer Stats
Population Population Gained City % Correct
3,359,818 327,702 Casablanca
100%
947,952 260,285 Tangier
89%
928,850 102,216 Marrakesh
84%
1,112,072 161,832 Fes
74%
421,844 75,738 Agadir
63%
890,403 130,217 Sale
63%
380,787 60,248 Tetouan
58%
431,282 72,140 Kenitra
53%
494,252 93,514 Oujda
53%
313,510 88,013 Temara
37%
No matching quizzes found
Score Distribution
Percent of People with Each Score
Percentile by Number Answered
Your Score History
You have not taken this quiz